000 00815nam a22002537a 4500
005 20130712152352.0
010 _aENG-105053
020 _c450.00
_a9788125950837
035 _aEN-88586
035 _aB-492312-316
037 _bDBAD/PUB
037 _bBlue Berry/Ven
_adpl
082 _a005.133
100 _aDas, Rashmi Kanta
245 _aCore Java for beginners /
_cby Rashmi Kanta Das
_b
250 _arev. ed
260 _aNoida
_bVikas Publishing House
_c2011
270 _aE-28, Sector-8
_bNoida
_e201301
300 _axxii, 808p. :
_c24cm (pbk)
_bill.
500 _aIncludes index
650 _aJana computer program language
942 _2ddc
_cEN
_mDAS
_h005.133
999 _c65477
_d65477